Perspectiva artística : trazados rápidos, esquemas directos /

Guardado en:
Autor Principal: Anasagasti, Teodoro de.
Formato: Libro
Idioma:Spanish
Publicado: Barcelona : Labor, 1945.
Materias:
Etiquetas: Agregar Etiqueta
Sin Etiquetas, Sea el primero en etiquetar este registro!
LEADER 00623nam a22001815a 4500
001 EUN.eunm005339
005 20140528172644.0
008 041125s1945####sp#a##########000#0#spa#d
082 0 4 |a 742  |2 15 
100 1 |a Anasagasti, Teodoro de. 
245 1 0 |a Perspectiva artística :  |b trazados rápidos, esquemas directos /  |c Teodoro de Anasagasti y Algán. 
260 |a Barcelona :  |b Labor,  |c 1945. 
300 |a 203 p. :  |b il. ;  |c 22 cm. 
500 |a "Con 203 figuras en el texto". 
650 7 |a Dibujos técnicos.  |2 unbist 
653 |a Perspectiva 
653 |a Dibujo arquitectónico 
859 |a AR-BaUNS  |b BIB. CENTRAL - Sector A  |h 742  |i An15  |p 443/948